Name these Marys - Statistics

General Stats
  • This quiz has been taken 99 times
  • The average score is 8 of 20
Answer Stats
Picture Hint Answer % Correct
Fictional Nanny Mary Poppins
87%
Actress Meryl Streep
85%
Follower of Jesus Mary Magdalene
74%
Buisnesswoman, Actress Mary-Kate Olsen
67%
Novelist Mary Shelley
63%
Singer Mary J Blige
60%
Actress Mary Tyler Moore
51%
Queen of England Mary I (Tudor)
42%
US First Lady Mary Todd Lincoln
37%
Fashion Designer, Icon Mary Quant
31%
Queen of Scots Mary Stuart
30%
Actress, Comedienne Lily Tomlin
25%
Actress Mary Pickford
22%
US Second Lady Tipper Gore
18%
Actress Mary Elizabeth Winstead
16%
Queen of England Mary II (Stuart)
12%
Queen-Consort of the UK Mary of Teck
11%
Religious Leader Mary Baker Eddy
9%
Writer, Philosopher Mary Wollstonecraft
7%
Actress Mary Astor
6%
No matching quizzes found
Score Distribution
Percent of People with Each Score
Percentile by Number Answered
Your Score History
You have not taken this quiz